logo

Bir Sreshtho Munshi Abdur Rouf Library
Jhenaidah Cadet College

ইজি ম্যাথ / (Record no. 11253)

MARC details
000 -LEADER
fixed length control field 00679nam a2200229 a 4500
001 - CONTROL NUMBER
JCCL Control Number 11253
003 - CONTROL NUMBER IDENTIFIER
JCCL marc code BD-JhCC
005 - DATE AND TIME OF LATEST TRANSACTION
control field 20220606134024.0
008 - FIXED-LENGTH DATA ELEMENTS--GENERAL INFORMATION
fixed length control field 190619s 2016bg |||| ||a| 000 0 ben d
020 ## - INTERNATIONAL STANDARD BOOK NUMBER
International Standard Book Number 9789849174134
035 ## - SYSTEM CONTROL NUMBER
system control number (BD-JhCC)11253
040 ## - CATALOGING SOURCE
Original cataloging agency BD-JhCC
Modifying agency BD-JhCC
041 ## - LANGUAGE CODE
Language code of Book ben
082 ## - DEWEY DECIMAL CLASSIFICATION NUMBER
Classification number 510
Author mark and Year SHA 2016
100 ## - MAIN ENTRY--PERSONAL NAME
Personal name সাহা, সৌমেন
245 ## - TITLE STATEMENT
Title ইজি ম্যাথ /
Statement of responsibility, etc সৌমেন সাহা ।
260 ## - PUBLICATION, DISTRIBUTION, ETC. (IMPRINT)
Place of publication, distribution, etc ঢাকা:
Name of publisher, distributor, etc অনুপম প্রকাশনী;
Date of publication, distribution, etc ২০১৬.
300 ## - PHYSICAL DESCRIPTION
Pagination ১৪৪ পৃ. :
Dimensions ২২ সেমি.
650 ## - SUBJECT ADDED ENTRY--TOPICAL TERM
Topical term or geographic name as entry element Mahtematics
942 ## - ADDED ENTRY ELEMENTS (KOHA)
Source of classification or shelving scheme Dewey Decimal Classification
Koha item type Books
Koha issues (borrowed), all copies 1
Holdings
Source of classification or shelving scheme volume number Damaged status Not for loan Home library Current library Shelving location Date of accession Cost, normal purchase price Total Checkouts Full call number Barcode Date last seen Date checked out Copy number Koha item type Checked out
Dewey Decimal Classification V-1     JCC Rouf Library JCC Rouf Library General Stacks 06/19/2019 176.00 1 510 SHA 2016 15445 06/13/2022 06/06/2022 C-1 Books  
Dewey Decimal Classification V-1     JCC Rouf Library JCC Rouf Library General Stacks 04/20/2021 150.00 1 510 SHA 2016 15739 02/15/2026 02/15/2026 C-2 Books 03/23/2026
Dewey Decimal Classification V-2     JCC Rouf Library JCC Rouf Library General Stacks 04/20/2021 187.00 1 510 SHA 2016 15740 09/09/2024 09/08/2024 C-1 Books  

JCC Library | Contacts | JCC Home

Last Update on 23 September 2017
Copyright @ 2017-2020 JCC Rouf Library
Rouf Library, Jhenidah Cadet College (JCC), Bangladesh